Music Quiz

Random Music Quiz
Score 0/147 Timer 10:00
0 Plays Today
Answer % Correct
go
100%
to
100%
go
100%
summertime
97.9%
know
97.9%
That
97.9%
the
97.9%
got
97.9%
the
97.9%
the
97.9%
the
97.9%
a
97.9%
got
97.9%
that
97.9%
summertime
97.9%
summertime
97.9%
summertime
97.9%
summertime
97.9%
Got
97.9%
that
97.9%
summertime
97.9%
summertime
97.9%
the
97.9%
Got
97.9%
know
97.9%
the
97.9%
the
97.9%
the
97.9%
me
95.8%
you
95.8%
sadness
95.8%
you
95.8%
my
95.8%
my
95.8%
my
95.8%
me
95.8%
sadness
95.8%
sadness
95.8%
sadness
95.8%
my
95.8%
my
95.8%
you
95.8%
on
93.8%
in
93.8%
in
93.8%
in
93.8%
on
93.8%
in
93.8%
just
91.7%
Answer % Correct
red
91.7%
dress
91.7%
tonight
91.7%
tonight
91.7%
tonight
91.7%
Kiss
89.6%
before
89.6%
hard
87.5%
wanted
87.5%
baby
87.5%
you're
87.5%
baby
87.5%
you're
87.5%
I
85.4%
I
85.4%
I
85.4%
feel
85.4%
it
85.4%
I
85.4%
feel
85.4%
it
85.4%
I've
85.4%
I
85.4%
I
85.4%
I
85.4%
best
83.3%
Dancing
81.3%
Oh
81.3%
God
81.3%
dark
79.2%
I'm
79.2%
I'm
79.2%
I'm
79.2%
I'm
79.2%
like
77.1%
Like
77.1%
queen
75%
air
75%
moonlight
72.9%
beauty
72.9%
anymore
72.9%
pale
70.8%
style
70.8%
I'll
70.8%
I'll
70.8%
feelin
68.8%
happy
68.8%
hair
66.7%
feeling
66.7%
Answer % Correct
Telephone
66.7%
above
66.7%
if
66.7%
die
66.7%
if
66.7%
Nothing
64.6%
up
62.5%
alive
62.5%
scares
62.5%
electric
60.4%
wires
58.3%
everywhere
58.3%
miss
58.3%
miss
58.3%
real
56.3%
heels
56.3%
are
56.3%
99
56.3%
High
54.2%
off
54.2%
sizzling
54.2%
down
54.2%
forever
54.2%
stars
54.2%
big
52.1%
sun
52.1%
Done
50%
snare
50%
by
50%
think
50%
Honey
47.9%
fire
47.9%
side
47.9%
sky
47.9%
bad
45.8%
heavenly
45.8%
than
45.8%
gone
45.8%
gonna
45.8%
goin
43.8%
bout
43.8%
morning
43.8%
Cruising
41.7%
better
41.7%
coast
39.6%
never
33.3%
drive
33.3%
Even
31.3%
Later's
22.9%
Remove Ads.
Support Sporcle.
Get the best of Sporcle when you Go Orange. This ad-free experience offers more features, more stats, and more fun while also helping to support Sporcle. Thank you for becoming a member.

You're not logged in!

Compare scores with friends on all Sporcle quizzes.
OR
Log In

Show Comments

Extras

Created Oct 3, 2013ReportNominate

Top Quizzes Today


Score Distribution

Your Account Isn't Verified!

In order to create a playlist on Sporcle, you need to verify the email address you used during registration. Go to your Sporcle Settings to finish the process.

Report this User

Report this user for behavior that violates our Community Guidelines.

Details: